General Knowledge (Record no. 136773)
[ view plain ]
| 000 -LEADER | |
|---|---|
| fixed length control field | 00499nam a22001697a 4500 |
| 003 - CONTROL NUMBER IDENTIFIER | |
| control field | OSt |
| 005 - DATE AND TIME OF LATEST TRANSACTION | |
| control field | 20250317132031.0 |
| 008 - FIXED-LENGTH DATA ELEMENTS--GENERAL INFORMATION | |
| fixed length control field | 250317b |||||||| |||| 00| 0 eng d |
| 020 ## - INTERNATIONAL STANDARD BOOK NUMBER | |
| International Standard Book Number | 978-93-56817-49-4 |
| 040 ## - CATALOGING SOURCE | |
| Transcribing agency | SBCL |
| 082 ## - DEWEY DECIMAL CLASSIFICATION NUMBER | |
| Classification number | 371.26 |
| Item number | GKP-G |
| 100 ## - MAIN ENTRY--PERSONAL NAME | |
| Personal name | Kumar,Purushottam , Kumar |
| 245 ## - TITLE STATEMENT | |
| Title | General Knowledge |
| 260 ## - PUBLICATION, DISTRIBUTION, ETC. | |
| Place of publication, distribution, etc. | New Delhi |
| Name of publisher, distributor, etc. | Career Launcher Infrastructure |
| Date of publication, distribution, etc. | 2025 |
| 650 ## - SUBJECT ADDED ENTRY--TOPICAL TERM | |
| Topical term or geographic name entry element | Education |
| 942 ## - ADDED ENTRY ELEMENTS (KOHA) | |
| Koha item type | BOOK |
| 650 ## - SUBJECT ADDED ENTRY--TOPICAL TERM | |
| Source of heading or term | Social sciences |
| Form subdivision | Schools & their activities; special education |
| Withdrawn status | Lost status | Source of classification or shelving scheme | Damaged status | Use restrictions | Not for loan | Home library | Current library | Date acquired | Total Checkouts | Full call number | Barcode | Shelving location | Date last seen | Cost, replacement price | Price effective from | Koha item type |
|---|---|---|---|---|---|---|---|---|---|---|---|---|---|---|---|---|
| Dewey Decimal Classification | RESTRICTED | SB LIBRARY | SB LIBRARY | 17/03/2025 | 371.26 KUM-G | 142656 | REFERENCE READING ROOM | 02/06/2025 | 275.00 | 17/03/2025 | BOOK |